000 00288nam a22001337a 4500
008 170920b xxu||||| |||| 00| 0 eng d
020 _a015004030X
041 _aeng
080 _a7
100 _a44
101 _aART
245 _aTHE SERPENT AND THE ROBE
_cMILTON, J
942 _2udc
_cBK
999 _c28388
_d28388